| 000 | 00670nab a2200181 4500 | ||
|---|---|---|---|
| 001 | 244442 | ||
| 003 | OSt | ||
| 005 | 20241008133752.0 | ||
| 007 | tu | ||
| 008 | 200917s2020||||||| | ||
| 040 |
_aDE-2950 _cDE-2950 |
||
| 245 | 0 | 0 |
_aFinanzierungslücke gefährdet den Fortbestand _bEingliederung. Mit dem vor fünf Jahren erstmals in Frankfurt etablierten Modell des Kommunalen Integrationszentrums (KI) könnte es ausgerechnet hier bald vorbei sein/ _cLeonard Palm |
| 264 | _c2024 | ||
| 653 | _aFrankfurt (Oder) | ||
| 653 | _aKommunales Integrationszentrum | ||
| 773 | 0 |
_g35. Jahrgang (2024) Nr. 235 vom 08.10.2024, S. 13 mit Foto _tMärkische Oderzeitung |
|
| 942 |
_2z _cA |
||
| 999 |
_c373405 _d373405 |
||